El ABC fiscal de los sueldos y salarios 2014

Detalles Bibliográficos
Autor principal: Martn̕ez Gutiřrez, Javier
Formato: eBook
Lenguaje:español
Publicado: Mx̌ico D.F.: Ediciones Fiscales ISEF, 2014
Materias:
Acceso en línea:Acceso restringido

MARC

LEADER 00000nam a22000007a 4500
005 20140325190315.0
007 cr|||| ||||
008 140325s2014 mx |||||s|||| 00||0 spa d
020 |a  978-607-406-625-8 
035 |a 11833 
040 |a vLex 
090 |c 4735  |d 4735 
100 1 |a Martn̕ez Gutiřrez, Javier 
245 1 3 |a El ABC fiscal de los sueldos y salarios 2014  |h [Recurso electrn̤ico] /  |c Javier Martn̕ez Gutiřrez 
256 |a Servicio en ln̕ea 
260 |a Mx̌ico D.F.:  |b Ediciones Fiscales ISEF,  |c 2014 
300 |a 1 recurso electrn̤ico 
506 1 |a Contenido solo disponible en los productos indicados  |d vLex Global  |d vLex Global (Academic Edition, excluding Law Schools)  |d vLex Global (U.S. Academic Edition, Law Schools)  |d vLex Global (U.S. Academic Edition, excluding Law Schools)  |d vLex Global (Academic Edition, Law Schools) 
650 0 4 |a Salarios  |z Mx̌ico 
650 0 4 |a Derecho laboral  |z Mx̌ico 
740 0 |a vLex Libros (Servicio en ln̕ea) 
856 4 0 |u http://vlex.com/source/abc-fiscal-de-los-sueldos-y-salarios-2014-11833  |z Acceso restringido 
942 |c BOOK 
999 0 |a Wages 
999 0 |a Labor laws and legislation